The life of Thomas Chatterton : with criticisms on his genius and writings, and a concise view of the controversy concerning Rowley's poems. By G. Gregory, ...

Bibliographic Details
Main Author: Gregory, G. (George), 1754-1808
Format: eBook
Language:English
Series:Eighteenth century collections online.
Online Access:Full text online

MARC

Tag First Indicator Second Indicator Subfields
LEADER 00000cam a2200000 4500
001 in00001908392
006 m | d |
007 cr |n||||||||n
008 831012s1789 enk|||| s 00| ||eng d
005 20260414182300.2
035 |a (CStRLIN)ESTCT145606 
040 |a Uk-ES  |c Uk-ES  |d CStRLIN  |d Thomson Gale  |d UtOrBLW 
100 1 |a Gregory, G.  |q (George),  |d 1754-1808. 
245 1 4 |a The life of Thomas Chatterton :  |b with criticisms on his genius and writings, and a concise view of the controversy concerning Rowley's poems. By G. Gregory, ... 
264 3 |a London :  |b printed for G. Kearsley,  |c 1789. 
300 |a 2 unnumbered pages, vi, 263, 1 unnumbered page :  |b illustrations ;  |c 8⁰. 
336 |a text  |b txt  |2 rdacontent 
337 |a computer  |b c  |2 rdamedia 
338 |a online resource  |b cr  |2 rdacarrier 
500 |a Sig. A2v comprises "An extract from Kew Gardens, an unpublished MS of Chatterton being a facsimile of his hand writing". 
500 |a Reproduction of original from the British Library. 
510 4 |a English Short Title Catalog,  |c ESTCT145606. 
533 |a Electronic reproduction.  |b Farmington Hills, Mich. :  |c Thomson Gale,  |d 2003.  |n Available via the World Wide Web.  |n Access limited by licensing agreements  |7 s2003 miunns 
500 |a Electronic resource. 
850 |r N  |l NcD  |j RBR E no. 4865 
830 0 |a Eighteenth century collections online. 
856 4 0 |u http://proxy.library.tamu.edu/login?url=https://galenet.galegroup.com/servlet/ECCO?c=1&stp=Author&ste=11&af=BN&ae=T145606&tiPG=1&dd=0&dc=flc&docNum=CW113130702&vrsn=1.0&srchtp=a&d4=0.33&n=10&SU=0LRK&locID=txshracd2898  |z Full text online  |t 0 
999 |a MARS 
999 f f |s 9e2aaf20-44d4-3470-bfea-bdb8ef70e299  |i a8395d91-e241-39e7-ab50-0e49c8c93130  |t 0 
952 f f |a Texas A&M University  |b College Station  |c Electronic Resources  |s www_evans  |d Available Online  |t 0  |h No information provided 
998 f f |t 0  |l Available Online